LIBRARY & INFORMATION CENTRE, KCAET, TAVANUR

ONLINE PUBLIC ACCESS CATALOGUE (OPAC)

Chemical engineering:vol-4 Solutions to the problems in chemical engineering vol-1 / (Record no. 10512)

MARC details
000 -LEADER
fixed length control field 00486cam a2200169ua 4500
020 ## - INTERNATIONAL STANDARD BOOK NUMBER
ISBN 0 08 020614
041 ## - LANGUAGE CODE
Language code of text/sound track or separate title eng
082 ## - DEWEY DECIMAL CLASSIFICATION NUMBER
Classification number 660
Item number COU/CH
100 ## - MAIN ENTRY--AUTHOR NAME
Personal name Coulson, J M .
245 ## - TITLE STATEMENT
Title Chemical engineering:vol-4 Solutions to the problems in chemical engineering vol-1 /
260 ## - PUBLICATION, DISTRIBUTION, ETC. (IMPRINT)
Place of publication Oxford :
Name of publisher Pergamon Press ,
Year of publication 1982.
300 ## - PHYSICAL DESCRIPTION
Number of Pages 207 :
Other physical details 506 ; .
700 1# - ADDED ENTRY--PERSONAL NAME
Personal name Richardsen, J F .
942 ## - ADDED ENTRY ELEMENTS (KOHA)
Koha item type Books
Holdings
Withdrawn status Lost status Damaged status Home library Current library Date acquired Full call number Accession Number Koha item type
      KAUAET KAUAET 27/03/1987 660 16267 Books
free website counter